000 00635nam a2200277Ia 4500
005 20260324134308.0
008 008 260324s9999 xx 000 0 eng d
020 _a9780203164891
037 _aEBOOK
040 _aCRL
040 _beng
040 _cCRL
041 _2eng
041 _aeng
084 _qCRL
100 _aAaron Gillette
_91196290
245 0 _aRacial Theories in Fascist Italy
260 _bTaylor and Francis
260 _c2002
365 _a
365 _b230
856 _uhttp://www.taylorfrancis.com/books/9780203164891
942 _cEBOOK
999 _c1796224
_d1796224